00626nam a2200205 i 450000100060000000300090000600500170001500700030003200800410003502000180007608000140009410000480010824500590015626000370021530000300025249000370028265100310031983000370035085200330038788850ES-MaACL20230906175942.0t|050111s1988 sp ||||1| spa d a84-7679-101-1 a930.85(6)0 aGómez-Tabanera, José Manuel,d1926-201114aLas culturas africanas / cJosé M. Gómez-Tabanera. aMadrid : bHistoria 16, c[1988] a129 p. : bil. ; c24 cm.1 aHistorias del viejo mundo ; v14 4aÁfrica-xCivilización.0 aHistorias del viejo mundo ; v14 aES-MaACLjE-10698 bR.135058